| 000 | 00412nam a2200157Ia 4500 | ||
|---|---|---|---|
| 008 | 210716s2003 xx 000 0 und d | ||
| 020 | _a8178811677 | ||
| 041 | _aeng | ||
| 082 | _a332.401 CHON | ||
| 100 | _aChowdary, Nagendra V. | ||
| 245 |
_aMonetary and fiscal policies: reforms. _bReforms. |
||
| 250 | _a1 | ||
| 260 |
_aHyderabad _bICFAI University Press _c2003 |
||
| 300 | _axiii,196 | ||
| 650 | _aFinance | ||
| 999 |
_c202396 _d202396 |
||